| 000 | 00626nam a2200217Ia 4500 | ||
|---|---|---|---|
| 001 | 1080 | ||
| 003 | GE_BSU | ||
| 008 | 181216s||||||||xx |||||||||||||| ||und|| | ||
| 040 | _cGE_BSU | ||
| 080 | _a796(072) | ||
| 245 | _aТеория и методика физического воспитания | ||
| 245 | _bУч-к | ||
| 245 | _cПод ред.Г.Д.Харабуги | ||
| 260 | _aМосква | ||
| 260 | _bФизкультура и спорт | ||
| 260 | _c1969 | ||
| 300 | _a352стр. | ||
| 541 | _h10л. | ||
| 653 | _aТеория и методика физического воспитания | ||
| 942 | _cBK | ||
| 999 |
_c35234 _d35234 |
||